|
|
|
|
| LEADER |
01007nam a2200337 4500 |
| 001 |
DLU110000404 |
| 005 |
##20110922 |
| 040 |
# |
# |
|a DLU
|b vie
|
| 041 |
# |
# |
|a vie
|
| 044 |
# |
# |
|a vn
|
| 082 |
# |
# |
|a 363.7
|b DE-D
|
| 100 |
# |
# |
|a Denton, D. Keith.
|
| 245 |
# |
# |
|a Quản lý môi trường /
|c D. Keith Denton; Lê Trung Phương dịch.
|
| 246 |
# |
# |
|a Quản lý môi trường :
|b Thông tin chuyên đề
|
| 260 |
# |
# |
|a H. :
|b Trung tâm Thông tin Khoa học Kỹ thuật Hoá chất,
|c 1999.
|
| 300 |
# |
# |
|a 291 tr. ;
|c 21 cm.
|
| 650 |
# |
# |
|a Bảo vệ môi trường
|v Chi phí hiệu quả.
|
| 650 |
# |
# |
|a Lợi nhuận công ty.
|
| 650 |
# |
# |
|a Quản lý công nghiệp
|x Khía cạnh môi trường
|v Chi phí hiệu quả.
|
| 700 |
# |
# |
|a Lê Trung Phương,
|e dịch.
|
| 923 |
# |
# |
|a 01/2011MT
|
| 991 |
# |
# |
|a GT
|
| 992 |
# |
# |
|a 27000
|
| 994 |
# |
# |
|a KMT
|
| 900 |
# |
# |
|a True
|
| 911 |
# |
# |
|a Đào Thị Thu Huyền
|
| 925 |
# |
# |
|a G
|
| 926 |
# |
# |
|a A
|
| 927 |
# |
# |
|a SH
|
| 980 |
# |
# |
|a Thư viện Trường Đại học Đà Lạt
|